| 000 | 01712cam a22004694i 4500 | ||
|---|---|---|---|
| 003 | PE-LiUPU | ||
| 005 | 20250731184603.0 | ||
| 008 | 150616s r 000 0 d | ||
| 035 | _a(Sirsi) a5362 | ||
| 040 |
_aPE-LiUPU _bspa _cPE-LiUPU _erda |
||
| 049 | _aPRUA | ||
| 082 | 0 | 4 |
_a985 _bH _221 |
| 100 | 1 |
_aPorras Barrenechea, Raul, _eautor. |
|
| 245 | 1 | 0 |
_aHistoria general de los peruanos : _bel Perú virreinal. _n2 / _cRaúl Porras Barrenechea y Rubén Vargas Ugarte. |
| 264 | 1 |
_aLima : _bSociedad Académica de Estudios Americanos, _c19 0. |
|
| 300 |
_a339 páginas : _bilustraciones retratos, mapas, dibjs. ; _c24 cm. |
||
| 336 |
_atext _2rdacontent |
||
| 337 |
_aunmediated _2rdamedia |
||
| 338 |
_avolume _2rdacarrier |
||
| 505 | 0 | _aVisión introductora -- Virreinato peruano -- Indagaciones sobre el Perú virreinal -- Iconografía y biografía de los virreyes y gobernadores 1535-1824. | |
| 526 | _aP136 | ||
| 526 | _aP135 | ||
| 526 | _aP134 | ||
| 526 | _aP133 | ||
| 526 | _aP144 | ||
| 526 | _aP143 | ||
| 526 | _aP87 | ||
| 526 | _aP35 | ||
| 526 | _aP20 | ||
| 526 | _aP14 | ||
| 526 | _aP10 | ||
| 526 | _aP06 | ||
| 651 |
_aPerú _xHistoria _yEpoca colonial. _93459 |
||
| 700 | 1 | _aVargas Ugarte, Rubén. | |
| 910 |
_ajck _bjvq _cjck |
||
| 942 |
_2ddc _cBOOK |
||
| 949 |
_a985 H 2 _wDEWEY _c1 _i08691 _lCCODEBUL1 _mBUL _p00.00 _r0 _sY _tBOOK _u19770818 _xEDUCACION _PP20 _0COMPRA _o.STAFF. Colección General |
||
| 994 |
_aC0 _bPEPRU |
||
| 596 | _a1 | ||
| 999 |
_a985 H 2 _wDEWEY _c56330 _i08691 _f2021-11-8 _g5 _lCCODEBUL1 _mBUL _r0 _sY _tBOOK _u2015-6-16 _xBIBLIOTECA _PP20 _0COMPRA _o.STAFF. Colección General _d56330 |
||
| 980 |
_81 _gALBERTO SANCHEZ Responsable de Automatización |
||